000 00556nam a2200181Ia 4500
008 100921s9999 xx 000 0 und d
082 _b12417
_a820 0
100 _aनारायण जयप्रकाश.
245 _aThe Pangs Of Conscience.
260 _bअभय प्रकाशन, पुणे.
_c0
300 _a20
_b---
365 _b0
520 _aललित इंग्रजी.
630 _aThe Pangs Of Conscience.
650 _aललित इंग्रजी.
730 _aThe Pangs Of Conscience.
942 _cBOOK
999 _c761530
_d761527